[Event "Open Portugal 2019"]
[Site "Lisboa POR"]
[Date "2019.02.05"]
[Round "5.64"]
[White "Newrkla, Katharina"]
[Black "Marques, Ricardo T T"]
[Result "1-0"]
[WhiteElo "2180"]
[BlackElo "1911"]
[WhiteFideId "1621629"]
[BlackFideId "1949438"]
[WhiteTitle "WIM"]
[WhiteCountry "AUT"]
[BlackCountry "POR"]
[PlyCount "59"]
[EventDate "2019.02.02"]

1. e4 e5 2. Nf3 Nc6 3. Bb5 a6 4. Ba4 Nf6 5. O-O Be7 6. Re1 b5 7. Bb3 d6 8. c3
O-O 9. h3 Bb7 10. d4 Re8 11. Nbd2 Bf8 12. a3 h6 13. d5 Ne7 14. Nh2 c6 15. dxc6
Bxc6 16. Ng4 Ng6 17. Qf3 Nf4 18. Nf1 Nxg4 19. hxg4 d5 20. Bxf4 dxe4 21. Qg3 exf4
22. Qxf4 Ra7 23. Rad1 Qa8 24. Ne3 Bc5 25. g5 hxg5 26. Qxg5 Be7 27. Qg6 Rf8 28.
Nf5 Bf6 29. Nh6+ Kh8 30. Nxf7+ 1-0

[Event "Open Portugal 2019"]
[Site "Lisboa POR"]
[Date "2019.02.05"]
[Round "5.65"]
[White "Hestvik, Elias"]
[Black "Tscharotschkin, Michael"]
[Result "1/2-1/2"]
[WhiteElo "1825"]
[BlackElo "2178"]
[WhiteFideId "1534904"]
[BlackFideId "4619510"]
[WhiteCountry "NOR"]
[BlackCountry "GER"]
[PlyCount "54"]
[EventDate "2019.02.02"]

1. e4 e6 2. Nf3 d5 3. Nc3 Nf6 4. e5 Nfd7 5. d4 c5 6. dxc5 Bxc5 7. Bd3 Nc6 8. Bf4
h6 9. Qe2 g5 10. Bg3 g4 11. Nd2 h5 12. h3 Nd4 13. Qd1 Qg5 14. hxg4 Nxe5 15. Rxh5
Rxh5 16. gxh5 Bd7 17. Nb3 Nxb3 18. axb3 Nxd3+ 19. cxd3 Ke7 20. d4 Bb4 21. Qf3
Rh8 22. Be5 f6 23. Bf4 Qxh5 24. Qxh5 Rxh5 25. Rxa7 e5 26. Bd2 Bxc3 27. bxc3 b5
1/2-1/2

[Event "Open Portugal 2019"]
[Site "Lisboa POR"]
[Date "2019.02.05"]
[Round "5.66"]
[White "Poysti, Nathanael"]
[Black "Partoens, Remi"]
[Result "0-1"]
[WhiteElo "2172"]
[BlackElo "1904"]
[WhiteFideId "24622133"]
[BlackFideId "237108"]
[WhiteCountry "GER"]
[BlackCountry "BEL"]
[PlyCount "54"]
[EventDate "2019.02.02"]

1. Nf3 Nf6 2. c4 c5 3. e3 e6 4. b3 d5 5. Bb2 Nc6 6. cxd5 exd5 7. Be2 Bd6 8. O-O
O-O 9. Nc3 d4 10. exd4 cxd4 11. Nb5 Bc5 12. Qc2 Bb6 13. Ba3 Re8 14. Bd3 Ne5 15.
Nxe5 Rxe5 16. Rac1 Rg5 17. f4 Rxb5 18. Be7 Qxe7 19. Qxc8+ Rxc8 20. Rxc8+ Bd8 21.
Bxb5 g6 22. Rfc1 Kg7 23. R8c5 Ng4 24. h3 Bb6 25. Rd5 d3+ 26. Kh1 Qh4 27. Rg5
Nf2+ 0-1

[Event "Open Portugal 2019"]
[Site "Lisboa POR"]
[Date "2019.02.05"]
[Round "5.68"]
[White "Reis, Luís Sousa"]
[Black "Mabille, Natacha"]
[Result "0-1"]
[WhiteElo "2146"]
[BlackElo "1896"]
[WhiteFideId "1900609"]
[BlackFideId "218677"]
[WhiteTitle "NM"]
[WhiteCountry "POR"]
[BlackCountry "BEL"]
[PlyCount "74"]
[EventDate "2019.02.02"]

1. e4 e5 2. Bc4 Nf6 3. Nc3 Nxe4 4. Qh5 Nd6 5. Bb3 Be7 6. Nf3 Nc6 7. Nxe5 g6 8.
Nxg6 fxg6 9. Qd5 Rf8 10. O-O Nf5 11. Re1 Ncd4 12. Ne4 Nxb3 13. axb3 c6 14. Nd6+
Nxd6 15. Qxd6 Kf7 16. Qg3 d5 17. d3 Kg8 18. Bh6 Rf7 19. Re2 Bd6 20. Qe3 Bd7 21.
Rae1 Qh4 22. h3 Qf6 23. c3 Bf4 24. Bxf4 Qxf4 25. Qc5 b6 26. Qa3 Qg5 27. Re3 Raf8
28. Qd6 Rxf2 29. Rg3 Qf5 30. Re7 Rf1+ 31. Kh2 Rf7 32. Qb8+ Kg7 33. Rxf7+ Kxf7
34. Qxa7 b5 35. c4 h5 36. Qd4 Rf4 37. Qxf4 Qxf4 0-1

[Event "Open Portugal 2019"]
[Site "Lisboa POR"]
[Date "2019.02.05"]
[Round "5.69"]
[White "Ferreira, Hugo"]
[Black "Marques, Rui"]
[Result "0-1"]
[WhiteElo "2136"]
[BlackElo "1890"]
[WhiteFideId "1915940"]
[BlackFideId "1903390"]
[WhiteCountry "POR"]
[BlackCountry "POR"]
[PlyCount "104"]
[EventDate "2019.02.02"]

1. d4 Nf6 2. Bg5 Ne4 3. Bf4 d5 4. Nc3 Nxc3 5. bxc3 e6 6. e3 Be7 7. Bd3 c5 8.
dxc5 Nc6 9. Ne2 Bxc5 10. O-O e5 11. Bg3 O-O 12. Bb5 f6 13. c4 Be6 14. cxd5 Bxd5
15. Nc3 Be6 16. Qf3 Rc8 17. Ba4 Qa5 18. Bb3 Bxb3 19. cxb3 Qxc3 20. Rac1 Qb4 21.
Qd5+ Kh8 22. Qxc5 Qxc5 23. Rxc5 Rfd8 24. Rfc1 Rd2 25. h4 Rcd8 26. Kh2 h5 27. Rb5
R8d7 28. f4 exf4 29. Rxh5+ Kg8 30. Bxf4 Rxa2 31. Kh3 Rdd2 32. g3 Nb4 33. Rc8+
Kf7 34. Kg4 Kg6 35. Rb5 Nd3 36. h5+ Kh7 37. Rxb7 Nf2+ 38. Kh4 Rd1 39. g4 Rg1 40.
Rxg7+ Kxg7 41. h6+ Kf7 42. Rc7+ Ke6 43. h7 Rxg4+ 44. Kh5 Ra1 45. Rc6+ Kd5 46.
Rd6+ Kc5 47. b4+ Kc4 48. Rd4+ Kc3 49. Bh2 Rg5+ 50. Kh6 Rh1 51. Rh4 Ng4+ 52. Rxg4
Rxh2+ 0-1

[Event "Open Portugal 2019"]
[Site "Lisboa POR"]
[Date "2019.02.05"]
[Round "5.70"]
[White "Eggert, Alberto"]
[Black "Fanha, Paulo"]
[Result "1/2-1/2"]
[WhiteElo "2132"]
[BlackElo "1884"]
[WhiteFideId "4139500"]
[BlackFideId "1902148"]
[BlackTitle "CM"]
[WhiteCountry "RUS"]
[BlackCountry "POR"]
[PlyCount "99"]
[EventDate "2019.02.02"]

1. e4 c5 2. Nf3 g6 3. c3 Bg7 4. Bc4 e6 5. d4 cxd4 6. cxd4 Ne7 7. Nc3 d5 8. Bb3
dxe4 9. Nxe4 Nbc6 10. Bg5 Qa5+ 11. Kf1 h6 12. Nd6+ Kf8 13. Bf4 Nf5 14. Bd2 Qa6+
15. Bc4 b5 16. Nxb5 Qb6 17. a4 Ba6 18. Bc3 Nfxd4 19. Nfxd4 Bxd4 20. Qf3 Kg7 21.
Kg1 Bxb5 22. Bxb5 Ne5 23. Qg3 Rac8 24. Re1 f6 25. h4 Qc5 26. Rc1 Bxc3 27. Qxc3
Qxc3 28. Rxc3 Rhd8 29. Rhh3 Rd1+ 30. Bf1 Rc4 31. b3 Rxc3 32. Rxc3 Kf7 33. f3 Ke7
34. Kf2 h5 35. Bb5 Kd6 36. Ke2 Rb1 37. g3 g5 38. hxg5 fxg5 39. f4 Rb2+ 40. Ke3
Ng4+ 41. Kd4 e5+ 42. Ke4 Nf2+ 43. Kf5 gxf4 44. gxf4 exf4 45. Kxf4 h4 46. Bf1 h3
47. Bxh3 Nxh3+ 48. Rxh3 Kc5 49. Ke4 Kb4 50. Kd5 1/2-1/2

[Event "Open Portugal 2019"]
[Site "Lisboa POR"]
[Date "2019.02.05"]
[Round "5.71"]
[White "Maloberti, David"]
[Black "Morejko, Wojciech"]
[Result "1/2-1/2"]
[WhiteElo "2121"]
[BlackElo "1879"]
[WhiteFideId "620149"]
[BlackFideId "16247582"]
[WhiteCountry "FRA"]
[BlackCountry "GER"]
[PlyCount "96"]
[EventDate "2019.02.02"]

1. d4 Nf6 2. c4 g6 3. Nc3 Bg7 4. e4 d6 5. Nf3 O-O 6. Be2 Na6 7. O-O e5 8. d5 Nc5
9. Qc2 a5 10. Be3 b6 11. a3 Ng4 12. Bxc5 bxc5 13. b4 axb4 14. axb4 Rxa1 15. Rxa1
cxb4 16. Nb5 f5 17. Bd3 fxe4 18. Bxe4 Nf6 19. Ng5 Nxe4 20. Nxe4 Bf5 21. f3 b3
22. Qxb3 Bxe4 23. fxe4 Qf6 24. Qe3 Bh6 25. Qe2 Rf7 26. g3 Qg5 27. Kg2 Qe3 28.
Re1 Qc5 29. Rf1 Rxf1 30. Kxf1 c6 31. Nc7 cxd5 32. Nxd5 Qd4 33. Qg4 Qxc4+ 34. Kg2
Kh8 35. h4 Qc2+ 36. Kh3 Qc1 37. Qf3 Qc8+ 38. g4 Qf8 39. Qe2 Qf7 40. Kg2 Bf8 41.
Qb5 Kg7 42. g5 h6 43. Qe2 hxg5 44. hxg5 Be7 45. Qg4 Bd8 46. Kh3 Qf1+ 47. Kh2
Qf2+ 48. Kh3 Qf1+ 1/2-1/2

[Event "Open Portugal 2019"]
[Site "Lisboa POR"]
[Date "2019.02.05"]
[Round "5.72"]
[White "Pires, Emanuel"]
[Black "Hansen, Verner"]
[Result "1-0"]
[WhiteElo "2115"]
[BlackElo "1874"]
[WhiteFideId "1914715"]
[BlackFideId "1425285"]
[WhiteCountry "POR"]
[BlackCountry "DEN"]
[PlyCount "35"]
[EventDate "2019.02.02"]

1. e4 e5 2. Nf3 Nc6 3. Bc4 Bc5 4. b4 Bb6 5. b5 Na5 6. Nxe5 Nxc4 7. Nxc4 Bxf2+ 8.
Kxf2 Qf6+ 9. Qf3 Qd4+ 10. Ne3 Qxa1 11. Nc3 d6 12. Rg1 Nf6 13. Ba3 Qxg1+ 14. Kxg1
O-O 15. e5 Ne8 16. Ncd5 f5 17. Ne7+ Kh8 18. Qh5 1-0

[Event "Open Portugal 2019"]
[Site "Lisboa POR"]
[Date "2019.02.05"]
[Round "5.73"]
[White "Maselli, Daniel"]
[Black "Bertola, Georges"]
[Result "1/2-1/2"]
[WhiteElo "1816"]
[BlackElo "2101"]
[WhiteFideId "2814140"]
[BlackFideId "1307967"]
[WhiteCountry "ITA"]
[BlackCountry "SUI"]
[PlyCount "26"]
[EventDate "2019.02.02"]

1. d4 Nf6 2. Nf3 g6 3. Bf4 Bg7 4. e3 b6 5. h3 Bb7 6. Be2 d5 7. Nbd2 O-O 8. O-O
c5 9. c3 Nc6 10. Ne5 Nd7 11. Nxc6 Bxc6 12. Nf3 Re8 13. b4 a5 1/2-1/2

[Event "Open Portugal 2019"]
[Site "Lisboa POR"]
[Date "2019.02.05"]
[Round "5.74"]
[White "Jazdanovs, Aleksandrs"]
[Black "Marques, Pedro Godinho"]
[Result "1-0"]
[WhiteElo "2100"]
[BlackElo "1848"]
[WhiteFideId "11604492"]
[BlackFideId "1928414"]
[WhiteCountry "LAT"]
[BlackCountry "POR"]
[PlyCount "53"]
[EventDate "2019.02.02"]

1. e4 c5 2. Nf3 a6 3. c3 e6 4. d4 d5 5. exd5 exd5 6. Bd3 c4 7. Bc2 Bg4 8. O-O
Bd6 9. Re1+ Ne7 10. b3 cxb3 11. axb3 Qc7 12. h3 Bh5 13. Na3 Qd7 14. c4 Bb4 15.
Re5 Bxf3 16. Qxf3 Nbc6 17. Bf5 Qd8 18. Nc2 Nxe5 19. dxe5 Nxf5 20. Nxb4 Nd4 21.
Qg4 Nxb3 22. Qxg7 Rf8 23. Bh6 Nxa1 24. Qxf8+ Kd7 25. Qxf7+ Qe7 26. e6+ Kd8 27.
Bg5 1-0

[Event "Open Portugal 2019"]
[Site "Lisboa POR"]
[Date "2019.02.05"]
[Round "5.75"]
[White "Taylor, Robert Graham"]
[Black "Sousa, Hugo C"]
[Result "1-0"]
[WhiteElo "1809"]
[BlackElo "2097"]
[WhiteFideId "1800841"]
[BlackFideId "1930842"]
[WhiteCountry "WLS"]
[BlackCountry "POR"]
[PlyCount "129"]
[EventDate "2019.02.02"]

1. e4 e6 2. Qe2 c5 3. Nf3 Nc6 4. g3 Nf6 5. Bg2 Be7 6. O-O d5 7. d3 O-O 8. Nc3 b6
9. a4 Bb7 10. Nb5 a6 11. Na3 b5 12. axb5 axb5 13. Bg5 b4 14. e5 Nxe5 15. Nxe5
bxa3 16. bxa3 h6 17. Bf4 Ra7 18. Rfb1 Qa8 19. g4 d4 20. Bxb7 Rxb7 21. Nc4 Nd5
22. Bd2 Rfb8 23. Rf1 Qa4 24. Rac1 Nb6 25. Bf4 Ra8 26. Rb1 Qc6 27. Ne5 Qc8 28.
Rb3 Nd5 29. Bc1 Rxb3 30. cxb3 Rb8 31. Qf3 Bf6 32. Nc4 Rxb3 33. Nd6 Qa6 34. Ne4
Be7 35. g5 hxg5 36. Bxg5 Qxd3 37. Qxd3 Rxd3 38. Bxe7 Nxe7 39. Nxc5 Rxa3 40. f4
Nf5 41. Rb1 Rf3 42. Rb8+ Kh7 43. Rb7 Nh6 44. Nd7 Kg6 45. Ne5+ Kf5 46. Nxf3 Ke4
47. Kf2 Kxf4 48. Nxd4 g5 49. Ne2+ Ke5 50. Rb5+ Kf6 51. h3 Nf5 52. Ng3 Nd6 53.
Ra5 Kg6 54. Ra6 Nc4 55. Kf3 Nd2+ 56. Ke3 Nc4+ 57. Kd4 Nd2 58. Ra3 e5+ 59. Kd5 f6
60. Rd3 Nb1 61. Nf1 Kf5 62. Rb3 e4 63. Rxb1 Kf4 64. Kd4 f5 65. Ne3 1-0

[Event "Open Portugal 2019"]
[Site "Lisboa POR"]
[Date "2019.02.05"]
[Round "5.76"]
[White "Gonçalves, Samuel"]
[Black "Hodovský, Jiri"]
[Result "0-1"]
[WhiteElo "1637"]
[BlackElo "2094"]
[WhiteFideId "1945130"]
[BlackFideId "317250"]
[WhiteCountry "POR"]
[BlackCountry "CZE"]
[PlyCount "60"]
[EventDate "2019.02.02"]

1. e4 e6 2. d4 d5 3. exd5 exd5 4. Nf3 Nf6 5. Be2 Bd6 6. O-O O-O 7. c3 Re8 8. Re1
Bf5 9. Nbd2 Nbd7 10. Nf1 Ne4 11. Ne3 Be6 12. c4 c6 13. Qc2 f5 14. Bd2 Qf6 15.
Bc3 Bf7 16. Nf1 dxc4 17. Ng3 Bd5 18. Bf1 Nxc3 19. Qxc3 b5 20. Nd2 Qg5 21. Nf3
Qf6 22. Nd2 Nf8 23. Rad1 Ne6 24. Nf3 a5 25. Ne5 Bb4 26. Nh5 Bxc3 27. Nxf6+ gxf6
28. Nd7 Bxe1 29. Nxf6+ Kf7 30. Nxe8 Bb4 0-1

[Event "Open Portugal 2019"]
[Site "Lisboa POR"]
[Date "2019.02.05"]
[Round "5.77"]
[White "Aflalo, Sophie"]
[Black "Gomes, José Luis"]
[Result "1-0"]
[WhiteElo "2091"]
[BlackElo "1844"]
[WhiteFideId "656887"]
[BlackFideId "1901710"]
[WhiteCountry "FRA"]
[BlackCountry "POR"]
[PlyCount "111"]
[EventDate "2019.02.02"]

1. Nf3 d5 2. b3 Nf6 3. Bb2 Nc6 4. e3 a6 5. c4 Bg4 6. cxd5 Bxf3 7. Qxf3 Qxd5 8.
d4 Qxf3 9. gxf3 e6 10. a3 O-O-O 11. Nd2 Bd6 12. Nc4 Rhe8 13. O-O-O Bf8 14. Bh3
b5 15. Nd2 Kb8 16. Ne4 Nxe4 17. fxe4 Na5 18. Kc2 Nb7 19. Rhe1 g6 20. d5 exd5 21.
exd5 f5 22. f3 Bc5 23. e4 fxe4 24. fxe4 Rf8 25. Re2 Rf3 26. Bg2 Rf6 27. Bc1 Rf7
28. e5 Rdf8 29. d6 Nxd6 30. exd6 Bxd6 31. Bc6 Rf5 32. b4 a5 33. Kb3 a4+ 34. Kc2
Ka7 35. Be3+ Ka6 36. Bg1 R5f6 37. Rd5 Rb8 38. Re8 Rxe8 39. Bxb5+ Kb7 40. Bxe8 c6
41. Rd3 Rf1 42. Rxd6 Rxg1 43. Bxc6+ Kc7 44. Rf6 Re1 45. Bb5 Re3 46. Kb2 Rb3+ 47.
Ka2 Rh3 48. Rc6+ Kb7 49. Rc2 h5 50. Bxa4 g5 51. Bc6+ Kb6 52. a4 Rh4 53. a5+ Ka6
54. Kb3 Rf4 55. Bd5 g4 56. Rc7 1-0

[Event "Open Portugal 2019"]
[Site "Lisboa POR"]
[Date "2019.02.05"]
[Round "5.78"]
[White "Oliveira, Fernando Alves"]
[Black "Leão, Tiago"]
[Result "0-1"]
[WhiteElo "1575"]
[BlackElo "2084"]
[WhiteFideId "1947869"]
[BlackFideId "1925563"]
[WhiteCountry "POR"]
[BlackCountry "POR"]
[PlyCount "104"]
[EventDate "2019.02.02"]

1. d4 Nf6 2. e3 g6 3. Bd3 Bg7 4. f4 d6 5. Nd2 Nbd7 6. Ngf3 c6 7. c3 Qc7 8. Qb3
e5 9. O-O O-O 10. f5 d5 11. dxe5 Nxe5 12. Nxe5 Qxe5 13. Nf3 Qe7 14. fxg6 hxg6
15. Bd2 Bh6 16. Rae1 Ne4 17. Bc1 Nc5 18. Qc2 Nxd3 19. Qxd3 Bf5 20. Qd4 Be4 21.
Qd1 Rae8 22. Qe2 Qd7 23. Nd4 c5 24. Nb3 b6 25. Qf2 Re5 26. Qe2 Rg5 27. Rf2 Re8
28. Nd2 Qg4 29. Nxe4 Qxe4 30. Qf1 Re7 31. Rf4 Rxg2+ 32. Qxg2 Qxg2+ 33. Kxg2 Bxf4
34. h4 d4 35. cxd4 cxd4 36. Kf3 Bxe3 37. Bxe3 dxe3 38. Rxe3 Rxe3+ 39. Kxe3 Kg7
40. Kf4 Kh6 41. a3 Kh5 42. Kg3 g5 43. hxg5 Kxg5 44. b3 Kf5 45. Kf3 Ke5 46. Ke3
f5 47. a4 f4+ 48. Kf3 Kd4 49. a5 bxa5 50. Kxf4 Kc3 51. Ke3 Kxb3 52. Kd2 Kb2 0-1

[Event "Open Portugal 2019"]
[Site "Lisboa POR"]
[Date "2019.02.05"]
[Round "5.79"]
[White "Fernandes, Miguel"]
[Black "Chingüün, Bayaraa"]
[Result "1-0"]
[WhiteElo "2066"]
[BlackElo "1817"]
[WhiteFideId "1920456"]
[BlackFideId "2076608"]
[BlackTitle "CM"]
[WhiteCountry "POR"]
[BlackCountry "MGL"]
[PlyCount "81"]
[EventDate "2019.02.02"]

1. d4 Nf6 2. c4 g6 3. Nc3 d5 4. cxd5 Nxd5 5. Bd2 Bg7 6. e4 Nxc3 7. Bxc3 c5 8. d5
O-O 9. Bc4 Nd7 10. Bxg7 Kxg7 11. Qd2 a6 12. a4 Rb8 13. Nf3 b5 14. axb5 axb5 15.
Bb3 Qc7 16. O-O Bb7 17. Rfe1 c4 18. Bc2 Nf6 19. Qb4 Qb6 20. Qxe7 Ng4 21. Qh4 Nf6
22. Rad1 Rbd8 23. Qg3 Rfe8 24. h3 Nh5 25. Qg5 h6 26. Qd2 Nf6 27. Qc3 Qc5 28. b4
Qb6 29. d6 Re6 30. e5 Nd5 31. Qb2 c3 32. Qb3 Nf4 33. Qxc3 Rc8 34. Qd4 Qd8 35.
Qxf4 Bxf3 36. Bb3 Bxd1 37. Bxe6 fxe6 38. Rxd1 Rc4 39. Qf6+ Qxf6 40. exf6+ Kf7
41. d7 1-0

[Event "Open Portugal 2019"]
[Site "Lisboa POR"]
[Date "2019.02.05"]
[Round "5.80"]
[White "Guerreiro, Nuno"]
[Black "Sá, Nuno"]
[Result "1-0"]
[WhiteElo "2064"]
[BlackElo "1767"]
[WhiteFideId "1903012"]
[BlackFideId "1908219"]
[WhiteCountry "POR"]
[BlackCountry "POR"]
[PlyCount "97"]
[EventDate "2019.02.02"]

1. Nf3 d5 2. c4 e6 3. g3 c6 4. b3 Nf6 5. Bg2 Nbd7 6. O-O Be7 7. Nc3 O-O 8. Re1
Re8 9. Qc2 Nb6 10. Ne5 Nfd7 11. d4 Nxe5 12. dxe5 dxc4 13. Be4 g6 14. h4 cxb3 15.
axb3 f5 16. exf6 Bxf6 17. h5 Nd5 18. Bb2 Bxc3 19. Bxc3 Nxc3 20. Qxc3 gxh5 21.
Qe5 Qe7 22. Qxh5 Rf8 23. Ra5 Rf7 24. Rg5+ Kh8 25. Rd1 Bd7 26. Rg4 Rg8 27. Qe5+
Rgg7 28. Rxg7 Rxg7 29. Qb8+ Be8 30. Qxa7 Bg6 31. Qb8+ Rg8 32. Qe5+ Rg7 33. Ra1
Kg8 34. Ra8+ Be8 35. Rc8 Rf7 36. Qb8 Rf8 37. Rc7 Qf6 38. Qa7 Qe5 39. Bxh7+ Kh8
40. Rxb7 c5 41. Bd3 Qd4 42. Rh7+ Kg8 43. Rh2 Rf7 44. Qb8 Rf8 45. Qb7 Rf7 46. Qc8
Kf8 47. Qxe6 Bd7 48. Qh6+ Ke7 49. Qh4+ 1-0

[Event "Open Portugal 2019"]
[Site "Lisboa POR"]
[Date "2019.02.05"]
[Round "5.81"]
[White "Romano, João"]
[Black "Godinho, João Quintas"]
[Result "1-0"]
[WhiteElo "2052"]
[BlackElo "1719"]
[WhiteFideId "1938541"]
[BlackFideId "1909193"]
[WhiteCountry "POR"]
[BlackCountry "POR"]
[PlyCount "105"]
[EventDate "2019.02.02"]

1. d4 Nf6 2. g3 d5 3. Bg2 e6 4. Nf3 Be7 5. O-O O-O 6. c4 dxc4 7. Qc2 a6 8. a4
Bd7 9. Qxc4 b5 10. Qc2 Bc6 11. Bg5 Be4 12. Qc1 Nc6 13. e3 Bb4 14. Bxf6 Qxf6 15.
Nbd2 Bxd2 16. Nxd2 Bxg2 17. Kxg2 e5 18. d5 Nb4 19. axb5 axb5 20. Rxa8 Rxa8 21.
Qc5 Qd6 22. Qxb5 Qxd5+ 23. Qxd5 Nxd5 24. Rc1 f5 25. e4 fxe4 26. Nxe4 Ra2 27. Rc5
c6 28. b3 Ra6 29. Nd6 Kf8 30. Nc4 Ke7 31. Kf3 Ke6 32. Ra5 Rxa5 33. Nxa5 Nb4 34.
Ke4 c5 35. Nb7 Na6 36. Nd8+ Kf6 37. Nc6 Nb4 38. Nxe5 Ke6 39. Nd3 Nxd3 40. Kxd3
Kd5 41. f3 g5 42. Kc3 h5 43. Kd3 h4 44. gxh4 gxh4 45. f4 Ke6 46. Ke4 Kf6 47. h3
Kg7 48. f5 Kf6 49. Kf4 Ke7 50. Kg5 Kf7 51. Kxh4 Kf6 52. Kg4 Ke5 53. Kg5 1-0

[Event "Open Portugal 2019"]
[Site "Lisboa POR"]
[Date "2019.02.05"]
[Round "5.83"]
[White "Slovák, Pavel"]
[Black "Funk, Matthias"]
[Result "1-0"]
[WhiteElo "2010"]
[BlackElo "1492"]
[WhiteFideId "318493"]
[BlackFideId "1901990"]
[WhiteCountry "CZE"]
[BlackCountry "POR"]
[PlyCount "73"]
[EventDate "2019.02.02"]

1. e4 e6 2. d4 d5 3. Nd2 Nf6 4. e5 Nfd7 5. Bd3 c5 6. c3 Nc6 7. Ne2 Qb6 8. Nf3
cxd4 9. cxd4 Bb4+ 10. Bd2 O-O 11. O-O f6 12. exf6 Nxf6 13. Bf4 Ne7 14. Rc1 Bd6
15. Bxd6 Qxd6 16. Ng3 Bd7 17. Ne5 g6 18. Qd2 Kg7 19. Qg5 Be8 20. Rc3 Rc8 21.
Rxc8 Nxc8 22. h4 Ne7 23. h5 h6 24. Qe3 g5 25. f4 g4 26. f5 Nxh5 27. Nxh5+ Bxh5
28. f6+ Rxf6 29. Rxf6 Kxf6 30. Qxh6+ Bg6 31. Bxg6 Nxg6 32. Qxg6+ Ke7 33. Qg7+
Ke8 34. Qxb7 g3 35. b4 a5 36. bxa5 Qe7 37. Qxe7+ 1-0

[Event "Open Portugal 2019"]
[Site "Lisboa POR"]
[Date "2019.02.05"]
[Round "5.84"]
[White "Saltvedt, Martin"]
[Black "Elias, Rúben"]
[Result "1/2-1/2"]
[WhiteElo "2095"]
[BlackElo "1797"]
[WhiteFideId "1518500"]
[BlackFideId "1906453"]
[WhiteCountry "NOR"]
[BlackCountry "POR"]
[PlyCount "120"]
[EventDate "2019.02.02"]

1. c4 e5 2. Nc3 Nf6 3. g3 d5 4. cxd5 Nxd5 5. Bg2 Be6 6. Nf3 Nc6 7. O-O Be7 8. d4
exd4 9. Nxd4 Nxc3 10. bxc3 Nxd4 11. cxd4 Bd5 12. Qa4+ c6 13. e4 Be6 14. Rb1 b5
15. Qc2 Bc4 16. Rd1 O-O 17. Bf1 Bxf1 18. Kxf1 Rc8 19. Be3 Qa5 20. Qb3 a6 21.
Rbc1 Rfd8 22. Rd3 b4 23. Rd2 Qb5+ 24. Qc4 Qxc4+ 25. Rxc4 a5 26. Rdc2 c5 27. dxc5
Rc6 28. Ke2 Kf8 29. Rd2 Rdc8 30. Rd5 Ke8 31. Kd3 Rb8 32. Kc2 a4 33. Kb2 Bd8 34.
Rd6 Bf6+ 35. Bd4 Rxd6 36. cxd6 Bxd4+ 37. Rxd4 Kd7 38. f4 Rb5 39. a3 bxa3+ 40.
Kxa3 Rb1 41. Kxa4 Rh1 42. Rd2 Re1 43. e5 g5 44. Rf2 gxf4 45. Rxf4 Rxe5 46. Rxf7+
Kxd6 47. Rxh7 Rc5 48. Kb4 Rc1 49. Rf7 Ke6 50. Rf2 Ke5 51. Kb3 Ke4 52. Kb2 Rc8
53. Rc2 Rd8 54. Rf2 Rc8 55. h4 Rg8 56. Rg2 Kf3 57. Rg1 Kf2 58. Rc1 Rxg3 59. Rc2+
Kg1 60. Rc3 Rg4 1/2-1/2

[Event "Open Portugal 2019"]
[Site "Lisboa POR"]
[Date "2019.02.05"]
[Round "5.85"]
[White "Skjølingstad, Sverre"]
[Black "Fernandes, Ricardo Paulos"]
[Result "0-1"]
[WhiteElo "1782"]
[BlackElo "2015"]
[WhiteFideId "1519913"]
[BlackFideId "1943464"]
[WhiteCountry "NOR"]
[BlackCountry "POR"]
[PlyCount "44"]
[EventDate "2019.02.02"]

1. e4 d6 2. d4 Nf6 3. Nc3 Nbd7 4. Be3 e5 5. Bc4 g6 6. h3 Bg7 7. Nf3 exd4 8. Bxd4
O-O 9. O-O h6 10. e5 dxe5 11. Nxe5 c5 12. Nxd7 cxd4 13. Nxf8 Qc7 14. Bb3 dxc3
15. Nxg6 cxb2 16. Rb1 Ne4 17. Qf3 Nd2 18. Qe3 Nxf1 19. Ne7+ Kf8 20. Nd5 Nxe3 21.
Nxc7 Bf5 22. fxe3 Rc8 0-1

[Event "Open Portugal 2019"]
[Site "Lisboa POR"]
[Date "2019.02.05"]
[Round "5.86"]
[White "Cavaleiro, Daniel"]
[Black "Le Gall, Eric"]
[Result "1-0"]
[WhiteElo "2001"]
[BlackElo "1758"]
[WhiteFideId "1904663"]
[BlackFideId "636690"]
[WhiteCountry "POR"]
[BlackCountry "FRA"]
[PlyCount "63"]
[EventDate "2019.02.02"]

1. d4 e6 2. c4 f5 3. g3 Nf6 4. Bg2 d5 5. Nc3 c6 6. Nf3 Be7 7. O-O O-O 8. Rb1 a5
9. e3 Nbd7 10. Ng5 Nb8 11. Nh3 Bd7 12. c5 Be8 13. b4 axb4 14. Rxb4 b5 15. f3 Na6
16. Rb2 Nc7 17. a4 bxa4 18. Nxa4 Nb5 19. Nb6 Ra6 20. Nf4 Bf7 21. Nd3 Nd7 22. Nb4
Nxb6 23. Nxc6 Qc7 24. Nxe7+ Qxe7 25. Rxb5 Nc4 26. Qb3 Rc6 27. Rb8 Rcc8 28. Rxc8
Rxc8 29. e4 e5 30. exd5 Bxd5 31. Re1 Ne3 32. Qxe3 1-0

[Event "Open Portugal 2019"]
[Site "Lisboa POR"]
[Date "2019.02.05"]
[Round "5.87"]
[White "Sismeiro, Miguel"]
[Black "Calzada Cruz, Osvaldo"]
[Result "1-0"]
[WhiteElo "1997"]
[BlackElo "1754"]
[WhiteFideId "1950975"]
[BlackFideId "3509460"]
[WhiteCountry "POR"]
[BlackCountry "CUB"]
[PlyCount "47"]
[EventDate "2019.02.02"]

1. e4 c6 2. d4 d5 3. Nc3 dxe4 4. Nxe4 Nd7 5. Ng5 Ngf6 6. Bc4 e6 7. Qe2 Nb6 8.
Bd3 h6 9. N5f3 a5 10. c3 Nbd5 11. Ne5 Bd6 12. Ngf3 Qc7 13. O-O Nd7 14. a3 Bxe5
15. Nxe5 Nxe5 16. dxe5 g5 17. c4 Ne7 18. Bd2 b6 19. b4 Bb7 20. bxa5 bxa5 21.
Rab1 Ng6 22. Bxg6 fxg6 23. Qe3 O-O 24. Qh3 1-0

[Event "Open Portugal 2019"]
[Site "Lisboa POR"]
[Date "2019.02.05"]
[Round "5.88"]
[White "Thibault, Pierre-Olivier"]
[Black "Cordeiro, João"]
[Result "0-1"]
[WhiteElo "1994"]
[BlackElo "1745"]
[WhiteFideId "20606184"]
[BlackFideId "1935291"]
[WhiteCountry "FRA"]
[BlackCountry "POR"]
[PlyCount "80"]
[EventDate "2019.02.02"]

1. e4 e5 2. Bc4 Nf6 3. d3 c6 4. Qe2 Bc5 5. Bg5 d6 6. Nd2 a5 7. c3 a4 8. a3 Nbd7
9. Ngf3 O-O 10. O-O Re8 11. Nh4 h6 12. Be3 d5 13. Ba2 d4 14. cxd4 exd4 15. Bf4
g5 16. Nf5 gxf4 17. Nxh6+ Kg7 18. Nxf7 Qe7 19. Nf3 Rf8 20. N7g5 Ne5 21. Nh4 Nfg4
22. Ngf3 Rh8 23. g3 Qf6 24. Rfc1 b6 25. Rc2 Nxf3+ 26. Nxf3 fxg3 27. fxg3 Ne3 28.
Nh4 Bg4 29. Qf2 Nxc2 30. Qxf6+ Kxf6 31. Rf1+ Ke5 32. Ng6+ Kd6 33. Rf6+ Kc7 34.
Rf7+ Bd7 35. Nxh8 Rxh8 36. Be6 Rd8 37. h4 Kd6 38. Bxd7 Rxd7 39. e5+ Ke6 40. Rxd7
Kxd7 0-1

[Event "Open Portugal 2019"]
[Site "Lisboa POR"]
[Date "2019.02.05"]
[Round "5.89"]
[White "Kocian, Miroslav"]
[Black "Martins, José Carlos"]
[Result "1/2-1/2"]
[WhiteElo "1992"]
[BlackElo "1707"]
[WhiteFideId "303577"]
[BlackFideId "1946005"]
[WhiteCountry "CZE"]
[BlackCountry "POR"]
[PlyCount "74"]
[EventDate "2019.02.02"]

1. e4 c5 2. Nf3 g6 3. d4 cxd4 4. Nxd4 Bg7 5. Nc3 Nc6 6. Be3 Nf6 7. Bc4 O-O 8.
Bb3 Qa5 9. O-O d6 10. h3 Bd7 11. f4 Nxd4 12. Bxd4 Bc6 13. Qe1 Qb4 14. Rd1 Nxe4
15. Bxg7 Kxg7 16. Nd5 Qxe1 17. Rfxe1 f5 18. Nxe7 a5 19. Nd5 b5 20. Nc7 a4 21.
Bd5 Bxd5 22. Rxd5 b4 23. Nxa8 Rxa8 24. Rb5 Rc8 25. Rxb4 Rxc2 26. Rd1 Kf6 27. g4
Ke6 28. Rxa4 Rxb2 29. Ra6 Nd2 30. Kf2 Ne4+ 31. Ke3 Rh2 32. Kd4 Rxh3 33. a4 Ra3
34. a5 Ra4+ 35. Ke3 Ra3+ 36. Kd4 Ra4+ 37. Ke3 Ra3+ 1/2-1/2